[Event "20th Open"]
[Site "Cappelle la Grande FRA"]
[Date "2004.03.01"]
[Round "3"]
[White "Scetinin,A"]
[Black "Swiercz,K"]
[Result "1-0"]
[WhiteElo "2283"]
[BlackElo "2054"]
[EventDate "2004.02.28"]

1. e4 c5 2. Nf3 e6 3. c3 d5 4. e5 Nc6 5. d4 cxd4 6. cxd4 Bb4+ 7. Nc3 Nge7
8. Bd3 Ng6 9. h4 Ba5 10. Bg5 Qb6 11. O-O h6 12. Bc1 O-O 13. Ne2 Nge7 14.
Bb1 Qd8 15. a3 Nf5 16. Qd3 g6 17. h5 Bd7 18. g4 Ng7 19. Bxh6 f5 20. Nf4 1-0

[Event "20th Open"]
[Site "Cappelle la Grande FRA"]
[Date "2004.03.01"]
[Round "3"]
[White "Boehm,M"]
[Black "Maruejols,C"]
[Result "1-0"]
[WhiteElo "2278"]
[BlackElo "2045"]
[EventDate "2004.02.28"]

1. c4 e5 2. Nc3 Nc6 3. g3 g6 4. Bg2 Bg7 5. d3 f5 6. Nf3 Nf6 7. Nd5 O-O 8.
Bg5 h6 9. Nxf6+ Bxf6 10. Bxh6 Rf7 11. h4 Qe8 12. Qd2 d6 13. Ng5 Re7 14.
Bd5+ Kh8 15. h5 gxh5 16. Bf8 Qxf8 17. Rxh5+ Kg7 18. Nh7 1-0

[Event "20th Open"]
[Site "Cappelle la Grande FRA"]
[Date "2004.03.01"]
[Round "3"]
[White "Adly,A"]
[Black "Grosse,M"]
[Result "1-0"]
[WhiteElo "2482"]
[BlackElo "1873"]
[EventDate "2004.02.28"]

1. d4 Nf6 2. c4 c5 3. d5 b5 4. cxb5 a6 5. f3 axb5 6. e4 Qa5+ 7. Bd2 b4 8.
Na3 d6 9. Nc4 Qd8 10. a3 bxa3 11. Rxa3 Rxa3 12. bxa3 e6 13. Ba5 Qe7 14. e5
dxe5 15. d6 Qa7 16. Bb6 Qb7 17. a4 Nd5 18. a5 Nd7 19. Qa4 e4 20. Be2 Nc3
21. Qc2 Nxe2 22. Qxe2 exf3 23. Nxf3 Qd5 24. O-O Ba6 25. Nfd2 f6 26. Re1 e5
27. Ne3 Qb7 28. Qg4 Kf7 29. Ne4 h5 30. Qf5 g6 31. Ng5+ Kg7 32. Ne6+ Kh6 33.
Ng4+ hxg4 34. Qxg4 Kh7 35. Re3 Nxb6 36. Rh3+ Kg8 37. Qxg6+ 1-0

[Event "20th Open"]
[Site "Cappelle la Grande FRA"]
[Date "2004.03.01"]
[Round "3"]
[White "Achutti,A"]
[Black "Amram,R"]
[Result "1-0"]
[WhiteElo "2174"]
[BlackElo "1958"]
[EventDate "2004.02.28"]

1. e4 d5 2. exd5 Nf6 3. Nc3 Nxd5 4. Bc4 Nb6 5. Bb3 Bf5 6. Qf3 Qc8 7. Nge2
e6 8. Nd4 Bg6 9. h4 h5 10. d3 e5 11. Qe2 Bd6 12. Bd2 O-O 13. Nf3 Nc6 14.
O-O-O Nd4 15. Nxd4 exd4 16. Ne4 a5 17. a3 Qd7 18. g4 Bxe4 19. dxe4 c5 20.
gxh5 c4 21. Bxc4 Nxc4 22. Qxc4 Be5 23. f4 Qc7 24. Rdg1 Kh7 25. Rh3 g6 26.
hxg6+ fxg6 27. h5 Bxf4 28. hxg6+ Kg7 1-0

[Event "20th Open"]
[Site "Cappelle la Grande FRA"]
[Date "2004.03.01"]
[Round "3"]
[White "Kovalev,A"]
[Black "Midoux,S"]
[Result "1-0"]
[WhiteElo "2545"]
[BlackElo "2315"]
[EventDate "2004.02.28"]

1. e4 e5 2. Nf3 Nc6 3. Bb5 a6 4. Ba4 Nf6 5. O-O b5 6. Bb3 Bc5 7. c3 d6 8.
a4 Rb8 9. d3 O-O 10. Bg5 h6 11. Bh4 Qe7 12. Nbd2 Bb6 13. Re1 g5 14. Bg3 Re8
15. Nf1 Qf8 16. Ne3 Ne7 17. a5 Ba7 18. Nxe5 dxe5 19. Bxe5 Nd7 20. Bxc7 Rb7
21. Bd6 Bc5 22. Nf5 Bxd6 23. Nxd6 Ne5 24. d4 Nc4 25. Bxc4 bxc4 26. Qa4 Bd7
27. Qxc4 Rxb2 28. Nxe8 Qxe8 29. Qxa6 Qb8 30. Qf6 Ng6 31. a6 Nf4 32. a7 Qa8
33. Qxh6 1-0

[Event "20th Open"]
[Site "Cappelle la Grande FRA"]
[Date "2004.03.01"]
[Round "3"]
[White "Spraggett,K"]
[Black "Sorokin,M"]
[Result "1/2-1/2"]
[WhiteElo "2536"]
[BlackElo "2574"]
[EventDate "2004.02.28"]

1. e4 e5 2. Nf3 Nc6 3. Bb5 a6 4. Ba4 Nf6 5. O-O Be7 6. Re1 b5 7. Bb3 d6 8.
c3 O-O 9. h3 Nb8 10. d4 Nbd7 11. Nbd2 Bb7 12. Bc2 Re8 13. Nf1 c5 14. d5
1/2-1/2

[Event "20th Open"]
[Site "Cappelle la Grande FRA"]
[Date "2004.03.01"]
[Round "3"]
[White "Chetverik,M"]
[Black "Yevseev,D"]
[Result "0-1"]
[WhiteElo "2397"]
[BlackElo "2580"]
[EventDate "2004.02.28"]

1. d4 d5 2. c4 e6 3. Nf3 Nf6 4. g3 Bb4+ 5. Bd2 Be7 6. Bg2 c6 7. Qb3 Nbd7 8.
O-O O-O 9. Rd1 a5 10. Bf4 b5 11. cxb5 cxb5 12. Nc3 b4 13. Nb5 a4 14. Qc2
Qb6 15. Nc7 Ra7 16. Rac1 Bb7 17. Ne5 b3 18. axb3 axb3 19. Qc3 Nxe5 20. dxe5
Ng4 21. Qd4 Qxd4 22. Rxd4 Ra2 23. Bh3 h5 24. Bxg4 hxg4 25. Rb1 Bc6 26. Rc1
Bd7 27. Bd2 Rxb2 28. Na6 Bb5 29. Nc5 Bxc5 30. Rxc5 Rb1+ 31. Bc1 Ra8 0-1

[Event "20th Open"]
[Site "Cappelle la Grande FRA"]
[Date "2004.03.01"]
[Round "3"]
[White "Cyborowski,L"]
[Black "Delchev,A"]
[Result "1/2-1/2"]
[WhiteElo "2562"]
[BlackElo "2624"]
[EventDate "2004.02.28"]

1. Nf3 Nf6 2. c4 e6 3. Nc3 Bb4 4. Qc2 O-O 5. a3 Bxc3 6. Qxc3 b6 7. g3 Bb7
8. Bg2 d5 9. d4 dxc4 10. Qxc4 Bd5 11. Qd3 Be4 12. Qd1 Qd5 13. O-O Nc6 14.
Bg5 Nd7 15. Rc1 Rac8 16. Be3 Rfd8 17. Bg5 f6 18. Be3 Nf8 19. Qa4 a5 20. Qc4
Qxc4 21. Rxc4 Bd5 22. Rc2 Be4 23. Rc4 Bd5 24. Rc2 Bxf3 25. Bxf3 Nxd4 26.
Bxd4 Rxd4 27. e3 Rd7 28. Bc6 Rd6 29. Bb7 Rcd8 30. Rxc7 Rd2 31. Rb1 R8d7 32.
Rxd7 Rxd7 33. Ra1 1/2-1/2

[Event "20th Open"]
[Site "Cappelle la Grande FRA"]
[Date "2004.03.01"]
[Round "3"]
[White "Popov,Val"]
[Black "McNab,C"]
[Result "0-1"]
[WhiteElo "2580"]
[BlackElo "2388"]
[EventDate "2004.02.28"]

1. d4 d6 2. Nf3 g6 3. c4 Nd7 4. Nc3 e5 5. e4 Bg7 6. Be2 Ngf6 7. Bg5 h6 8.
Bh4 exd4 9. Nxd4 O-O 10. Qc2 Re8 11. O-O-O c6 12. f4 Qb6 13. Bf2 Nc5 14.
Bf3 Qa6 15. Rhe1 Qxc4 16. h3 Nfd7 17. Kb1 Ne6 18. Nb3 Nxf4 19. Rxd6 Ne5 20.
h4 Nfd3 21. Be2 Nxe1 22. Bxe1 Qb4 23. Qd1 Be6 24. Bf2 Bf8 25. Rd4 Qe7 26.
Qc1 Bg7 27. Ra4 b5 28. Ra6 Bc4 29. Qe3 b4 30. Bxc4 Nxc4 31. Qe2 bxc3 32.
Qxc4 cxb2 33. Nc5 Qd8 0-1

[Event "20th Open"]
[Site "Cappelle la Grande FRA"]
[Date "2004.03.01"]
[Round "3"]
[White "Rozentalis,E"]
[Black "Tseitlin,Ma"]
[Result "0-1"]
[WhiteElo "2625"]
[BlackElo "2426"]
[EventDate "2004.02.28"]

1. e4 c5 2. Nf3 d6 3. c3 Nf6 4. g3 Nc6 5. Qe2 g6 6. Bg2 Bg7 7. O-O O-O 8.
h3 e5 9. d3 d5 10. Nbd2 d4 11. Nc4 Ne8 12. cxd4 cxd4 13. a4 Nd6 14. b3 Re8
15. Nxd6 Qxd6 16. Nd2 Be6 17. f4 Qd7 18. f5 gxf5 19. exf5 Bxf5 20. g4 Bg6
21. Ne4 Nb4 22. h4 Nd5 23. h5 Bxe4 24. Qxe4 Nc3 25. Qf5 Qxf5 26. Rxf5 e4
27. h6 Be5 28. Bg5 exd3 29. Bxb7 Rab8 30. Ba6 d2 31. Bxd2 Ne4 32. Ba5 Rxb3
33. Bb5 Rg3+ 34. Kf1 Rxg4 35. Be1 Nd6 36. Bxe8 Nxf5 37. Rb1 Nxh6 38. Rb7 d3
39. Bb5 Rf4+ 40. Kg2 Re4 41. Ba5 Re2+ 42. Kf3 Nf5 43. Kg4 Nd4 44. Bxd3 Rg2+
45. Kh5 h6 46. Bf1 0-1

[Event "20th Open"]
[Site "Cappelle la Grande FRA"]
[Date "2004.03.01"]
[Round "3"]
[White "Luther,T"]
[Black "Szelag,M"]
[Result "1-0"]
[WhiteElo "2572"]
[BlackElo "2427"]
[EventDate "2004.02.28"]

1. e4 e6 2. d4 d5 3. Nc3 Bb4 4. e5 c5 5. Bd2 Ne7 6. Nb5 Bxd2+ 7. Qxd2 O-O
8. dxc5 Nd7 9. f4 Nxc5 10. O-O-O Ne4 11. Qe1 Nc6 12. Bd3 Qb6 13. Bxe4 Qxb5
14. Bd3 Qa4 15. Qh4 h6 16. Kb1 f6 17. exf6 Rxf6 18. Ne2 Bd7 19. g4 Rc8 20.
a3 Ne7 21. g5 Nf5 22. Qh3 Rf7 23. gxh6 Nxh6 24. Rhg1 Nf5 25. Bxf5 Rxf5 26.
Nd4 Rf7 27. Qe3 Rcf8 28. Qe5 Rf6 29. Rd3 Qa5 30. Rdg3 Kf7 31. Rxg7+ Ke8 32.
f5 Qc5 33. Qb8+ Qc8 34. Qd6 R8f7 35. Rg8+ Rf8 36. Rxf8+ Rxf8 37. fxe6 Ba4
38. e7 Rh8 39. Qg6+ Kxe7 40. Qg7+ Kd6 41. Rg6+ Kc5 42. Ne6+ Kc6 43. Nc7+
1-0

[Event "20th Open"]
[Site "Cappelle la Grande FRA"]
[Date "2004.03.01"]
[Round "3"]
[White "Timofeev,Ar"]
[Black "Eliet,N"]
[Result "1-0"]
[WhiteElo "2578"]
[BlackElo "2413"]
[EventDate "2004.02.28"]

1. e4 c6 2. d4 d5 3. exd5 cxd5 4. c4 Nf6 5. Nc3 e6 6. Nf3 Be7 7. cxd5 Nxd5
8. Bc4 Nc6 9. O-O Nxc3 10. bxc3 O-O 11. Re1 b6 12. Bd3 Bb7 13. h4 Bf6 14.
Ng5 g6 15. Qg4 h5 16. Qg3 Ne7 17. Ba3 Qd7 18. Rad1 Rac8 19. d5 exd5 20. Qf4
Kg7 21. Bb5 Bc6 22. Ne4 Qf5 23. Qxf5 Nxf5 24. Bxf8+ Rxf8 25. Nxf6 Bxb5 26.
Nxh5+ 1-0

[Event "20th Open"]
[Site "Cappelle la Grande FRA"]
[Date "2004.03.01"]
[Round "4"]
[White "Guyard,R"]
[Black "Vandevoort,P"]
[Result "0-1"]
[WhiteElo "2129"]
[BlackElo "2379"]
[EventDate "2004.02.28"]

1. e4 c5 2. Nf3 Nc6 3. d4 cxd4 4. Nxd4 Nf6 5. Nc3 d6 6. Be2 e5 7. Nb3 Be7
8. Qd3 O-O 9. Qg3 Kh8 10. Be3 a5 11. O-O-O a4 12. Nc5 a3 13. b3 Nb4 14. Bc4
b5 15. Nxb5 Qa5 16. c3 Nxa2+ 17. Kc2 Rb8 18. Ra1 Rxb5 19. Rxa2 Rxc5 20.
Bxc5 Qxc5 21. f3 d5 22. exd5 Nxd5 23. Bxd5 Qxd5 0-1

[Event "20th Open"]
[Site "Cappelle la Grande FRA"]
[Date "2004.03.01"]
[Round "4"]
[White "Wojtaszek,R"]
[Black "Cyborowski,L"]
[Result "1/2-1/2"]
[WhiteElo "2480"]
[BlackElo "2562"]
[EventDate "2004.02.28"]

1. d4 d5 2. c4 c6 3. Nf3 Nf6 4. Nc3 a6 5. Qb3 e6 6. Bg5 Be7 7. cxd5 cxd5 8.
e3 Nc6 9. Bd3 O-O 10. O-O b5 11. Rac1 Bb7 12. Bb1 Rc8 13. Bxf6 Bxf6 14. Na4
Na5 15. Qd3 g6 16. Nc5 Be7 17. Nxb7 Nxb7 18. Ne5 Na5 19. Rc3 Nc4 20. b3
Nxe5 21. dxe5 Bb4 22. Rc2 Rxc2 23. Qxc2 Qb8 24. Qc6 a5 25. Rc1 Ba3 26. Rd1
Qxe5 27. Qxb5 Qc3 28. g3 Rc8 29. Qb4 Bxb4 30. Rf1 Qe5 31. Rc1 Rf8 32. Rd1
Qb2 33. Rf1 Qe5 34. Kg2 d4 35. e4 d3 36. Rh1 1/2-1/2

[Event "20th Open"]
[Site "Cappelle la Grande FRA"]
[Date "2004.03.01"]
[Round "4"]
[White "Sorokin,M"]
[Black "Brodsky,M"]
[Result "0-1"]
[WhiteElo "2574"]
[BlackElo "2528"]
[EventDate "2004.02.28"]

1. Nf3 Nf6 2. c4 b6 3. g3 c5 4. Bg2 Bb7 5. O-O g6 6. Nc3 Bg7 7. d3 O-O 8.
e4 d6 9. Bg5 h6 10. Be3 Nc6 11. h3 Rc8 12. Qd2 Kh7 13. Ne1 e6 14. f4 Qd7
15. Ne2 Ne7 16. Nf3 Ne8 17. g4 f5 18. Ng3 Rd8 19. Rae1 fxe4 20. dxe4 d5 21.
exd5 exd5 22. cxd5 Bxd5 23. Qc2 Nf6 24. Bc1 Nc6 25. Nh4 Bf7 26. a3 Nd4 27.
Qb1 Rfe8 28. g5 Rxe1 29. Rxe1 hxg5 30. fxg5 Qd6 31. Nf1 Nd5 32. Re4 Re8 33.
Qd3 Rxe4 34. Bxe4 Ne7 35. Be3 Qe5 36. Bf2 Qxg5+ 37. Ng2 Nef5 38. h4 Qg4 39.
Nfe3 Ne2+ 40. Kh2 Bf8 41. Qd1 0-1

[Event "20th Open"]
[Site "Cappelle la Grande FRA"]
[Date "2004.03.01"]
[Round "4"]
[White "Socko,B"]
[Black "Spraggett,K"]
[Result "1-0"]
[WhiteElo "2556"]
[BlackElo "2536"]
[EventDate "2004.02.28"]

1. e4 c5 2. Nf3 e6 3. d4 cxd4 4. Nxd4 a6 5. Bd3 Nf6 6. Qe2 d6 7. c4 Qc7 8.
Nc3 Be7 9. O-O O-O 10. Be3 Nbd7 11. f4 g6 12. Rae1 b6 13. Kh1 Bb7 14. f5
exf5 15. exf5 Rfe8 16. fxg6 hxg6 17. Bg5 Bf8 18. Qf2 Bg7 19. Be4 Re5 20.
Bxb7 Qxb7 21. Rxe5 dxe5 22. Nc2 Rf8 23. Ne3 b5 24. Qh4 bxc4 25. Nxc4 Qc7
26. b3 Qc6 27. Rd1 Qe6 28. Rd6 Qe8 29. Rxa6 e4 30. h3 Nh7 31. Nd5 f6 32.
Be3 g5 33. Qf2 Kh8 34. Qf5 Nb8 35. Ra7 Nc6 36. Rc7 Ne5 37. Ne7 1-0

[Event "20th Open"]
[Site "Cappelle la Grande FRA"]
[Date "2004.03.01"]
[Round "4"]
[White "Jakubowski,K"]
[Black "Sulskis,S"]
[Result "1/2-1/2"]
[WhiteElo "2488"]
[BlackElo "2582"]
[EventDate "2004.02.28"]

1. d4 Nf6 2. Nf3 b6 3. c4 Bb7 4. e3 e6 5. Bd3 c5 6. O-O Be7 7. Nbd2 cxd4 8.
exd4 O-O 9. b3 d5 10. Bb2 Nbd7 11. Qe2 Qc7 12. Rad1 Rad8 13. Rfe1 Rfe8 14.
Ne5 dxc4 15. Bxc4 Bd5 16. Bb5 Qb7 17. Ndf3 Bb4 18. Rf1 Rf8 19. Ba6 Qa8 20.
Rd3 Nxe5 21. dxe5 Ne4 22. Nd4 Nc5 23. Rg3 Nxa6 24. Qxa6 Bc5 25. Qe2 Be4 26.
Nb5 Bg6 27. Nd6 Rd7 28. h4 h5 29. Qc4 Qd8 30. b4 Bxd6 31. exd6 Rxd6 32. Qc3
Qf6 33. Qxf6 gxf6 34. Bxf6 Rc8 35. a4 Rd5 36. Rg5 Rd2 37. a5 Kf8 38. axb6
axb6 39. Ra1 Rd5 40. Ra7 Rxg5 41. hxg5 Be4 42. f3 Bd5 43. Kh2 Kg8 44. Rd7
Bc6 45. Rd6 Kh7 46. Kh3 Bd5 47. Kh2 1/2-1/2

[Event "20th Open"]
[Site "Cappelle la Grande FRA"]
[Date "2004.03.01"]
[Round "4"]
[White "Tweedie,S"]
[Black "Giffard,N"]
[Result "1/2-1/2"]
[WhiteElo "2106"]
[BlackElo "2345"]
[EventDate "2004.02.28"]

1. e4 c5 2. Nc3 a6 3. g3 b5 4. Bg2 Bb7 5. d3 e6 6. f4 b4 7. Nce2 f5 8. Nh3
Nf6 9. Nf2 Qc7 10. O-O g6 11. c3 a5 12. Qc2 Be7 13. Rd1 O-O 14. e5 Ne8 15.
Bxb7 Qxb7 16. c4 Nc6 17. Be3 g5 18. d4 gxf4 19. Bxf4 cxd4 20. Nxd4 Nxd4 21.
Rxd4 Bc5 22. Rd3 Rf7 23. Rad1 Qc6 24. b3 Ra7 25. Qe2 Nc7 26. Qh5 Na6 27.
Qg5+ Kh8 28. Qh5 Kg8 29. Qg5+ Kh8 30. Qh5 1/2-1/2

[Event "20th Open"]
[Site "Cappelle la Grande FRA"]
[Date "2004.03.01"]
[Round "4"]
[White "Delchev,A"]
[Black "Kovalev,A"]
[Result "1/2-1/2"]
[WhiteElo "2624"]
[BlackElo "2545"]
[EventDate "2004.02.28"]

1. d4 Nf6 2. Nf3 g6 3. c4 Bg7 4. g3 O-O 5. Bg2 d5 6. cxd5 Nxd5 7. O-O Nb6
8. Nc3 Nc6 9. d5 Na5 10. Qc2 c6 11. dxc6 Nxc6 12. Rd1 Bf5 13. e4 Bd7 14.
Qe2 Qc8 15. Be3 Bg4 16. Nb5 Na4 17. Rd2 a6 18. Nbd4 Rd8 19. Rad1 Nxd4 20.
Bxd4 Bxd4 21. Rxd4 Rxd4 22. Rxd4 Qc1+ 23. Qe1 Rc8 24. Rd8+ 1/2-1/2

[Event "20th Open"]
[Site "Cappelle la Grande FRA"]
[Date "2004.03.01"]
[Round "4"]
[White "Potkin,V"]
[Black "Vysochin,S"]
[Result "1/2-1/2"]
[WhiteElo "2533"]
[BlackElo "2584"]
[EventDate "2004.02.28"]

1. e4 e6 2. d4 d5 3. e5 c5 4. c3 Qb6 5. Nf3 Nc6 6. a3 c4 7. Nbd2 Na5 8. g3
Bd7 9. h4 Ne7 10. Bh3 f5 11. O-O h6 12. Rb1 Rg8 13. Bg2 g5 14. hxg5 hxg5
15. b3 cxb3 16. Nxb3 Ba4 17. Nfd2 O-O-O 18. Qc2 Qc6 19. Qd1 Bxb3 20. Nxb3
1/2-1/2

[Event "20th Open"]
[Site "Cappelle la Grande FRA"]
[Date "2004.03.01"]
[Round "4"]
[White "Yevseev,D"]
[Black "Postny,E"]
[Result "1/2-1/2"]
[WhiteElo "2580"]
[BlackElo "2537"]
[EventDate "2004.02.28"]

1. d4 d5 2. c4 c6 3. Nc3 Nf6 4. e3 a6 5. Nf3 b5 6. b3 Bg4 7. h3 Bh5 8. Be2
e6 9. O-O Bd6 10. Bb2 O-O 11. Ne5 Bxe2 12. Qxe2 Nfd7 13. Nf3 f5 14. a4 b4
15. Na2 a5 16. Nc1 Nf6 17. Nd3 Nbd7 18. Rac1 Ne4 19. cxd5 Nb8 20. Qd1
1/2-1/2

[Event "20th Open"]
[Site "Cappelle la Grande FRA"]
[Date "2004.03.02"]
[Round "5"]
[White "Kveinys,A"]
[Black "Rohrmueller,U"]
[Result "1-0"]
[WhiteElo "2511"]
[BlackElo "2257"]
[EventDate "2004.02.28"]

1. e4 e6 2. d4 d5 3. Nd2 c5 4. Ngf3 cxd4 5. exd5 Qxd5 6. Bc4 Qd6 7. O-O Nf6
8. Nb3 Nc6 9. Nbxd4 Nxd4 10. Nxd4 a6 11. Bd3 Qc7 12. Qe2 Bd6 13. Kh1 O-O
14. Bg5 Bf4 15. Bxf6 gxf6 16. Qh5 f5 17. Nf3 f6 18. Rfe1 Bd7 19. Bxf5 1-0

[Event "20th Open"]
[Site "Cappelle la Grande FRA"]
[Date "2004.03.02"]
[Round "5"]
[White "Vysochin,S"]
[Black "Payen,A"]
[Result "1-0"]
[WhiteElo "2584"]
[BlackElo "2386"]
[EventDate "2004.02.28"]

1. e4 e5 2. Nf3 Nc6 3. Bb5 a6 4. Bxc6 dxc6 5. O-O f6 6. d4 exd4 7. Nxd4 c5
8. Ne2 Qxd1 9. Rxd1 Bd7 10. Nbc3 O-O-O 11. Be3 Re8 12. Rd2 Bc6 13. Rad1 b6
14. f3 Ne7 15. Nf4 Ng6 16. Nxg6 hxg6 17. Bf4 Be7 18. Nd5 Bd8 19. Bg3 f5 20.
Nf4 Bg5 21. Nxg6 Bxd2 22. Rxd2 Rh6 23. exf5 c4 24. Kf2 Rh5 25. Bh4 Rxf5 26.
Ne7+ Rxe7 27. Bxe7 Rd5 28. Rxd5 Bxd5 29. Ke3 Kd7 30. Bf8 g6 31. c3 a5 32.
Kf4 Ke6 33. Bg7 a4 34. a3 b5 35. h4 c6 36. Kg5 Kf7 37. Bd4 1-0

[Event "20th Open"]
[Site "Cappelle la Grande FRA"]
[Date "2004.03.02"]
[Round "5"]
[White "Cyborowski,L"]
[Black "Vandevoort,P"]
[Result "1-0"]
[WhiteElo "2562"]
[BlackElo "2379"]
[EventDate "2004.02.28"]

1. Nf3 Nf6 2. c4 g6 3. Nc3 Bg7 4. d4 O-O 5. Bf4 c5 6. d5 d6 7. e4 a6 8. a4
Ne8 9. Be2 e5 10. Bg5 f6 11. Bd2 f5 12. g3 b6 13. h4 h6 14. Qc1 f4 15. gxf4
Bg4 16. Ng1 Bxe2 17. Ngxe2 exf4 18. Nxf4 Qf6 19. Qc2 Nc7 20. O-O-O Nd7 21.
h5 g5 22. Ng6 Ne5 23. f4 Nxg6 24. fxg5 hxg5 25. hxg6 Qxg6 26. Rdg1 g4 27.
e5 Qxc2+ 28. Kxc2 Bxe5 29. Rxg4+ Bg7 30. Rhg1 Ne8 31. Ne4 Ra7 32. Bc3 Rff7
33. Ng5 Rf2+ 34. Kb3 a5 35. Ne6 Rff7 36. Kc2 Rf2+ 37. Kd3 1-0

[Event "20th Open"]
[Site "Cappelle la Grande FRA"]
[Date "2004.03.02"]
[Round "5"]
[White "Czarnota,P"]
[Black "Couderc,C"]
[Result "1-0"]
[WhiteElo "2386"]
[BlackElo "2071"]
[EventDate "2004.02.28"]

1. e4 c5 2. Nf3 Nc6 3. d4 cxd4 4. Nxd4 Nf6 5. Nc3 e5 6. Ndb5 d6 7. Nd5 Nxd5
8. exd5 Ne7 9. c3 Ng6 10. Qa4 Bd7 11. Qb4 Qb8 12. Qc4 Kd8 13. Be3 f5 14. f3
b6 15. a4 Qb7 16. Rd1 Be7 17. Qb4 Bxb5 18. Bxb5 Rc8 19. O-O Qc7 20. Ra1 f4
21. Bf2 Bh4 22. g3 fxg3 23. hxg3 Bg5 24. a5 Rf8 25. axb6 axb6 26. Ra7 1-0

[Event "20th Open"]
[Site "Cappelle la Grande FRA"]
[Date "2004.03.02"]
[Round "5"]
[White "Gleizerov,E"]
[Black "Yandemirov,V"]
[Result "1/2-1/2"]
[WhiteElo "2589"]
[BlackElo "2491"]
[EventDate "2004.02.28"]

1. d4 Nf6 2. c4 g6 3. Nc3 d5 4. cxd5 Nxd5 5. Bd2 Bg7 6. e4 Nb6 7. Be3 O-O
8. f4 Nc6 9. d5 Na5 10. Bd4 e5 11. Bxe5 Bxe5 12. fxe5 Qh4+ 13. g3 Qe7 14.
Qd4 c5 15. d6 cxd4 16. dxe7 Re8 17. Nd5 Nxd5 18. exd5 Bf5 19. d6 Be4 20.
Bb5 Nc6 21. Nf3 Bxf3 22. O-O Bg4 23. Rf4 Bd7 24. Bxc6 bxc6 25. Raf1 d3 26.
Rxf7 Bh3 27. R7f2 Bxf1 28. Kxf1 Rxe7 29. dxe7 Re8 30. Rd2 Rxe7 31. Rxd3
Rxe5 32. Ra3 1/2-1/2

[Event "20th Open"]
[Site "Cappelle la Grande FRA"]
[Date "2004.03.02"]
[Round "5"]
[White "Demeestere,L"]
[Black "Frois,A"]
[Result "0-1"]
[WhiteElo "1949"]
[BlackElo "2334"]
[EventDate "2004.02.28"]

1. e4 c5 2. d4 cxd4 3. c3 d3 4. Bxd3 Nc6 5. c4 d6 6. Nf3 g6 7. Nc3 Bg7 8.
Be3 Nf6 9. Rc1 O-O 10. O-O Bg4 11. h3 Bxf3 12. Qxf3 Qa5 13. Qe2 Nd7 14. Bb1
Rac8 15. f4 Nd4 16. Qd3 Nc5 17. Qd2 Nc6 18. Qf2 Qb4 19. a3 Qxc4 20. Nd5 Qb3
21. Bxc5 dxc5 22. Rxc5 Bd4 23. Qxd4 Nxd4 24. Rxc8 Rxc8 25. Nxe7+ Kf8 26.
Nxc8 Qe3+ 27. Kh2 Ne2 28. Nd6 Qg3+ 29. Kh1 Nxf4 0-1

[Event "20th Open"]
[Site "Cappelle la Grande FRA"]
[Date "2004.03.02"]
[Round "5"]
[White "Havlicek,L2"]
[Black "Alavkin,A"]
[Result "0-1"]
[WhiteElo "2296"]
[BlackElo "2493"]
[EventDate "2004.02.28"]

1. e4 e6 2. d4 d5 3. Nd2 Nf6 4. e5 Nfd7 5. Bd3 c5 6. c3 Nc6 7. Ne2 cxd4 8.
cxd4 f6 9. exf6 Nxf6 10. O-O Bd6 11. f4 O-O 12. Nf3 Qb6 13. Kh1 Bd7 14. h3
Rac8 15. Ne5 Be8 16. Rf3 Nb4 17. Bb1 Ne4 18. Kh2 Nc6 19. Rb3 Qc7 20. Re3
Nb4 21. Bxe4 dxe4 22. Rxe4 Qc2 23. Qxc2 Rxc2 24. Nc3 Bxe5 25. dxe5 Nd3 26.
Be3 Bc6 27. Rc4 Rxg2+ 0-1

[Event "20th Open"]
[Site "Cappelle la Grande FRA"]
[Date "2004.03.02"]
[Round "5"]
[White "Bitalzadeh,A"]
[Black "Jakubowski,K"]
[Result "0-1"]
[WhiteElo "2241"]
[BlackElo "2488"]
[EventDate "2004.02.28"]

1. e4 c5 2. Nf3 d6 3. d4 cxd4 4. Nxd4 Nf6 5. Nc3 a6 6. Be3 e5 7. Nb3 Be6 8.
f3 Be7 9. Qd2 O-O 10. O-O-O Nbd7 11. g4 Nb6 12. g5 Nfd7 13. Nd5 Bxd5 14.
exd5 Qc7 15. Kb1 Rfc8 16. h4 a5 17. Nc1 a4 18. Rh2 f5 19. Bxb6 Qxb6 20. Bh3
g6 21. h5 a3 22. b3 Bf8 23. hxg6 hxg6 24. Bxf5 gxf5 25. g6 Bg7 26. Qg5 Qd8
27. Qxf5 Qe7 28. Qe6+ Qxe6 29. dxe6 Nc5 30. Rxd6 Re8 31. Ne2 Rxe6 32. Rxe6
Nxe6 33. Ng3 Rf8 34. Rf2 Ng5 0-1

[Event "20th Open"]
[Site "Cappelle la Grande FRA"]
[Date "2004.03.02"]
[Round "5"]
[White "Pushkov,N"]
[Black "Cieza,A"]
[Result "1-0"]
[WhiteElo "2475"]
[BlackElo "2241"]
[EventDate "2004.02.28"]

1. d4 d5 2. c4 c6 3. e3 a6 4. Nf3 Nf6 5. Nc3 Bg4 6. h3 Bxf3 7. Qxf3 e6 8.
Bd3 Nbd7 9. O-O Be7 10. b3 O-O 11. Bb2 Re8 12. Rad1 Qa5 13. a3 b5 14. e4
bxc4 15. bxc4 Reb8 16. Ba1 dxc4 17. Bxc4 Bxa3 18. e5 Nd5 19. Ne4 Be7 20.
Qg3 Qd8 21. f4 f5 22. exf6 N7xf6 23. Ng5 Nh5 24. Qg4 Nhxf4 25. Nxe6 Nxe6
26. Qxe6+ Kh8 27. Rde1 Bf6 28. Qxc6 Nb6 29. Bf7 Rc8 30. Qe4 Ra7 31. Be6 Rb8
32. d5 Bxa1 33. Rxa1 Nd7 34. Kh1 Nf6 35. Qe5 a5 36. Rf4 Rab7 37. Kh2 Rb4
38. Rc1 R4b6 39. Rfc4 Ng8 40. Rc8 1-0

[Event "20th Open"]
[Site "Cappelle la Grande FRA"]
[Date "2004.03.02"]
[Round "5"]
[White "Ciuksyte,D"]
[Black "Delchev,A"]
[Result "0-1"]
[WhiteElo "2392"]
[BlackElo "2624"]
[EventDate "2004.02.28"]

1. e4 e5 2. Nf3 Nc6 3. Bb5 a6 4. Ba4 Nf6 5. O-O Be7 6. Re1 b5 7. Bb3 d6 8.
c3 O-O 9. h3 Na5 10. Bc2 c5 11. d4 Qc7 12. Nbd2 cxd4 13. cxd4 Nc6 14. Nf1
exd4 15. Bb3 Na5 16. Nxd4 Nxb3 17. Qxb3 Re8 18. Bf4 Bf8 19. f3 Qb6 20. Be3
d5 21. exd5 Qd6 22. Bg5 Bb7 23. Ne3 Nxd5 24. Nef5 Qb6 25. Qd3 Bc5 26. Kh1
Qg6 27. Nb3 Bb4 28. Re4 Rxe4 29. fxe4 Qxg5 30. exd5 Rd8 31. Ne3 Re8 32. Nf5
Re5 33. Nfd4 Bxd5 34. Nf3 Qg3 35. Rc1 g6 36. Rc8+ Kg7 37. Qd4 Bxf3 38. gxf3
Qxh3+ 39. Kg1 Qg3+ 0-1

[Event "20th Open"]
[Site "Cappelle la Grande FRA"]
[Date "2004.03.02"]
[Round "5"]
[White "Wegerle,J"]
[Black "Yevseev,D"]
[Result "0-1"]
[WhiteElo "2382"]
[BlackElo "2580"]
[EventDate "2004.02.28"]

1. e4 c6 2. d4 d5 3. e5 Bf5 4. Nc3 e6 5. g4 Bg6 6. Nge2 f6 7. Nf4 fxe5 8.
Nxe6 Qe7 9. Nxf8 exd4+ 10. Be2 dxc3 11. Nxg6 hxg6 12. Qd3 Nf6 13. Qxg6+ Kf8
14. bxc3 Nbd7 15. Be3 Ne4 16. Rb1 Ne5 17. Qf5+ Kg8 18. Bd4 Nc4 19. g5 Ned2
20. Rb4 Re8 21. Be3 Nxe3 22. fxe3 Qxe3 23. Qf2 Qxc3 24. Qd4 Ra8 25. Bf1 0-1

[Event "20th Open"]
[Site "Cappelle la Grande FRA"]
[Date "2004.03.02"]
[Round "5"]
[White "Adly,A"]
[Black "Kolcak,M"]
[Result "1-0"]
[WhiteElo "2482"]
[BlackElo "2228"]
[EventDate "2004.02.28"]

1. d4 d5 2. c4 dxc4 3. Nf3 Nf6 4. Nc3 c5 5. d5 e6 6. e4 exd5 7. e5 d4 8.
exf6 dxc3 9. Qxd8+ Kxd8 10. Bg5 Kc7 11. Bxc4 cxb2 12. Rb1 Be6 13. Bxe6 fxe6
14. Bf4+ Bd6 15. Bxd6+ Kxd6 16. Ng5 Rg8 17. Rd1+ Kc6 18. f7 Rc8 19. Nxe6
Nd7 20. Kd2 Nf8 21. Rhe1 c4 22. Kc3 b5 23. Kxb2 Nxe6 24. Rxe6+ Kc5 25. Rde1
1-0

[Event "20th Open"]
[Site "Cappelle la Grande FRA"]
[Date "2004.03.02"]
[Round "5"]
[White "Kantorik,M"]
[Black "Areshchenko,A"]
[Result "0-1"]
[WhiteElo "2379"]
[BlackElo "2564"]
[EventDate "2004.02.28"]

1. d4 d6 2. c4 e5 3. Nf3 Nd7 4. Nc3 Ngf6 5. g3 g6 6. Bg2 Bg7 7. O-O O-O 8.
e4 Re8 9. h3 a6 10. Re1 Rb8 11. a4 exd4 12. Nxd4 Ne5 13. b3 Nc6 14. Be3 Bd7
15. Qd2 Qc8 16. Kh2 h5 17. Rad1 a5 18. Nxc6 Bxc6 19. Qc2 b6 20. Nd5 Nd7 21.
Bg5 Bxd5 22. Rxd5 Bf6 23. Bxf6 Nxf6 24. Rdd1 Qe6 25. f4 Nd7 26. Qc3 Re7 27.
Rd2 Rbe8 28. Rde2 Kh7 29. Bf3 Qf6 30. Qd2 Nc5 31. Re3 h4 32. Qf2 Kg7 33.
Bg2 hxg3+ 34. Qxg3 Qd4 35. e5 dxe5 36. fxe5 Rh8 37. Qf2 Rh5 38. Qf6+ Kf8
39. Rf3 Rh8 40. Rfe3 Rh5 41. Qh8+ Rxh8 42. Bd5 Qh4 43. e6 Kg7 44. R3e2 fxe6
45. Re3 0-1